Explorations in Psychology

Uložené v:
Podrobná bibliografia
Hlavný autor: Doyle, Charlotte L.
Médium: Kniha
Jazyk:English
Vydavateľské údaje: Monterey Brooks/Cole Publ. Co. 1987
Vydanie:1. ed.
Predmet:
Tagy: Pridať tag
Žiadne tagy, Buďte prvý, kto otaguje tento záznam!

MARC

LEADER 00000nam a2200000 4500
001 c004949
005 20221221074555.6
020 |a 0-534-06738-7 
041 0 |a eng 
044 |a US 
245 1 0 |a Explorations in Psychology  |c Charlotte L. Doyle 
250 |a 1. ed. 
264 1 |a Monterey  |b Brooks/Cole Publ. Co.  |c 1987 
300 |a 612 s. 
610 2 0 |a psychológia 
610 2 0 |a výskum psychologický 
610 2 0 |a vedomie 
610 2 0 |a osobnosť 
610 2 0 |a motivácia 
100 1 |a Doyle, Charlotte L.